1329 1189 1647 1927 1027 1525 1722 1723 1486 1045 1881 1477 1228 1928 1870 1062 1676 1805 1359 1050 1519 1817 1511 1273 1765 1246 1083 1781 1622 1241 1387 1691 1556 1386 1227 1301 1012 1987 1657 1520 1579 1067 1489 1975 1556 1603 1519 1006 1789 1991 1829 1762 1410 1364 1007 1488 1649 1249 1404 1248 1439 1902 1145 1032 1300 1950 1315 1971 1460 1791 1218 1054 1836 1005 1528 1198 1105 1925 1008 1184 1981 1437 1846 1019 1743 1773 1089 1829 1131 1164 1088 1627 1463 1445 1508 1779 1764 1785 1625 BCNSPRNW ULIB Ver.6.0+V

เปลี่ยนเป็นภาษาไทย

Change to English
 แสดงรายละเอียดบรรณานุกรม
  กลับหน้าหลัก

Brief Record : Get Marc (ISO 2709) : E-mail record : QR code < ปิดหน้าต่าง
LEADER : 00000nam 2200000uu 4500
001    13399129218
003     ULIB
008    260511s2568||||th 000 0 tha d
020 ^  ^a9786166268386
050 ^  ^aBF120^bอ398ร
100 ^  ^aอริยา คูหา.
245 ^  ^aแรงจูงใจและอารมณ์ จากบทเรียนสู่ความสำเร็จ :^bMotiuation and Emotion From Lesson to Success /^cอริยา คูหา.
250 ^  ^aพิมพ์ครั้งที่ 2.
260 ^  ^aสงขลา :^bโรงพิมพ์ฝ่ายเทคโนโลยี และนวัตกรรมการเรียนรู้ สำนักวิทยบริการ มหาวิทยาลัยสงขลานครินทร์ ,^c2568.
300 ^  ^a237 หน้า :^bตาราง : ภาพประกอบ
650 ^  ^aจิตวิทยา.
999    ^aประนอม เกษจรัล
รายการนี้ยังไม่มีแท็ก
คุณยังไม่ได้ล็อกอิน คุณสามารถมีกิจกรรมร่วมกับเว็บไซต์ได้ แต่ต้องล็อกอินก่อน ::
  ล็อกอิน

รายการสื่อสารสนเทศ

ลำดับที่ ประเภท เลขเรียก/บาร์โค้ด สถานที่ สถานะ
1. การศึกษาทั่วไป
หนังสือสำรอง
สถานะ=หนังสือสำรอง
BF120 อ398ร ฉ.1 
  Barcode: 012208
ห้องสมุดวิทยาเขตสวรรค์ประชารักษ์
►หนังสือทั่วไป
บนชั้น
2. การศึกษาทั่วไป
การศึกษาทั่วไป
BF120 อ398ร ฉ.2 
  Barcode: 012209
ห้องสมุดวิทยาเขตสวรรค์ประชารักษ์
►หนังสือทั่วไป
บนชั้น
3. การศึกษาทั่วไป
การศึกษาทั่วไป
BF120 อ398ร ฉ.3 
  Barcode: 012210
ห้องสมุดวิทยาเขตสวรรค์ประชารักษ์
►หนังสือทั่วไป
บนชั้น
4. การศึกษาทั่วไป
การศึกษาทั่วไป
BF120 อ398ร ฉ.4 
  Barcode: 012211
ห้องสมุดวิทยาเขตสวรรค์ประชารักษ์
►หนังสือทั่วไป
บนชั้น
5. การศึกษาทั่วไป
การศึกษาทั่วไป
BF120 อ398ร ฉ.5 
  Barcode: 012212
ห้องสมุดวิทยาเขตสวรรค์ประชารักษ์
►หนังสือทั่วไป
บนชั้น

รายการใกล้เคียง
    หัวเรื่อง [จิตวิทยา.]

BibComment


ยังไม่เคยถูกคอมเมนท์

คอมเมนท์ทรัพยากรรายการนี้
  คอมเมนท์: แรงจูงใจและอารมณ..


 Copyright 2026. Bcnsprnw @Library